| 000 | 00616nam a22002057a 4500 | ||
|---|---|---|---|
| 003 | KOHA_MİRAKIL | ||
| 005 | 20260407073023.0 | ||
| 008 | 260401b tu ||||| |||| 00| 0 tur d | ||
| 020 | _a9754060151 | ||
| 040 |
_aTR-AnABB _btur _cTR-AnABB |
||
| 041 | _atur | ||
| 082 |
_a711.3 ERY 1993 _bERY 1993 |
||
| 100 | 1 | _aEryıldız, Semih | |
| 245 | 1 | 0 |
_aYöre ve bölge araştırmasında Türkiye ve İspanya / _cSemih Eryıldız |
| 260 |
_aİstanbul : _bHazırlık ofset, _c1993 |
||
| 300 |
_a159 sayfa ; _c20 cm |
||
| 650 | 0 | 4 | _aBölgesel planlama |
| 900 | _bCan ÇELIK | ||
| 942 |
_2ddc _cBK |
||
| 999 |
_c10140 _d10140 |
||